Pokémon Platine - Les capacités de type Acier - Statistiques

Statistiques générales
  • Ce quiz a été pris 46 fois
  • Le résultat moyen est 9 sur 14
Statistiques - réponses
Gen Catégorie Capacité % Correct
IV Spéciale Luminocanon
90%
III Statut Mur de Fer
88%
II Physique Griffe Acier
85%
IV Physique Tête de Fer
80%
II Physique Aile d'Acier
75%
II Physique Queue de Fer
73%
IV Physique Fulmifer
65%
III Physique Poing Météor
63%
III Statut Strido-Son
55%
IV Physique Pisto-Poing
53%
III Spéciale Carnareket
50%
IV Spéciale Miroi-Tir
50%
IV Physique Bombaimant
48%
IV Physique Gyroballe
48%
Aucun quiz correspondant
Distribution des résultats
% des personnes avec chaque résultat
Percentile par nombre de réponses
Votre historique - résultats
Vous n’avez pas pris ce quiz